| 000 | 01033nam a2200241Ia 4500 | ||
|---|---|---|---|
| 003 | Ost | ||
| 005 | 20260507075357.0 | ||
| 008 | 260507s9999||||xx |||||||||||||| ||und|| | ||
| 020 | _a75253509779 | ||
| 040 | _cfsecg | ||
| 041 | _aara | ||
| 082 | _a330 | ||
| 100 |
_aالسيسي، صلاح الدين حسن _eمؤلف |
||
| 245 | 0 |
_aالإقتصاد الدولي : _bالعولمة والتحولات الإقتصادية الدولية / _c صلاح الدين حسن السيسي |
|
| 260 |
_aالقاهرة: _bدار الكتاب الحديث, _c2014 |
||
| 300 |
_a235 صفحة؛ _bإيضاحات ؛ _c24 سم |
||
| 504 | _aكشاف مصطلحات ص. 215 المراجع ص. 229 | ||
| 520 | _aالإقتصاديات الدولية والإقليمية وأهم التحولات الإقتصادية - العولمة الإقتصادية- التكامل الإقتصادي | ||
| 653 | _aالإقتصاد الدولي | ||
| 653 | _aالتحولات الإقتصادية | ||
| 653 | _aالعولمة | ||
| 942 | _cكتاب | ||
| 999 |
_c44247 _d44247 |
||